000 03607cam a2200325 4500500
005 20260405003310.0
041 _afre
042 _adc
100 1 0 _aSalvador, Elisa
_eauthor
700 1 0 _aBenghozi, Pierre-Jean
_eauthor
245 0 0 _aLa place des industries créatives et culturelles dans les politiques publiques
260 _c2023.
500 _a53
520 _aCes dernières années, l’attention portée aux industries culturelles et créatives (ICC) s’est largement renouvelée. Celles-ci sont en effet devenues un point focal des recherches en économie et gestion du fait de leur poids dans la société ainsi que par leur caractère de laboratoire des modes de créativité et d’innovation. On peut néanmoins s’interroger pour savoir si cette attention portée aux ICC a émergé en raison de la dynamique interne propre au secteur ou si elle n’est pas plutôt le résultat d’un ciblage des politiques publiques mettant ce secteur particulièrement en avant. Comprendre l’origine de l’attention portée aujourd’hui aux ICC et celle de la génération des concepts associés est donc important particulièrement intéressant à la fois pour mieux appréhender les stratégies sectorielles et pour éclairer la structuration et la construction des thématiques de recherche associées. Dans cette perspective, cet article éclaire, à partir du contexte européen, la manière dont le concept d’ICC s’est progressivement imposé dans le champ institutionnel. L’analyse approfondie du contenu des différentes communications émises, au fil des ans, par la Commission européenne permet de mesurer le poids croissant qu’y ont pris des enjeux des ICC, la manière dont la signification et le sens de la notion ont été construits, la place qu’elle a prise dans les actions publiques au-delà de politiques culturelles établies de longue date.
520 _aInterest in the Cultural and Creative Industries (CCIs) has been largely revived in recent years. These industries have become a focal point in management research, given their weight in the economy as well as the fact that they serve as a laboratory for creative and innovative practices. It is not clear, however, whether this renewed interest has emerged from internal industry dynamics or is the result of targeted institutional and political attention. Understanding its origin and the structuring of associated concepts is important in terms of managerial practices and research: both fostering CCIs’ development, and understanding and promoting awareness of CCIs. In this perspective, this article highlights how the concept of CCIs has gradually imposed itself in the institutional field. We argue that a thorough analysis of the content of the various Communications issued by the European Commission serves to measure the growing weight of CCIs, the ways in which the importance and meaning of the concept has been mobilized, and its place in public policy, beyond long-established cultural policies.
690 _aanalyse de texte
690 _aCommission européenne
690 _acommunications
690 _aculture
690 _aindustries créatives et culturelles
690 _apolitique publique
690 _acommunications
690 _acreative and cultural industries
690 _aculture
690 _aEuropean Commission
690 _apublic policy
690 _atext analysis
786 0 _nRéseaux | 238-239 | 2 | 2023-05-17 | p. 283-328 | 0751-7971
856 4 1 _uhttps://shs.cairn.info/revue-reseaux-2023-2-page-283?lang=fr&redirect-ssocas=7080
999 _c2066251
_d2066251